Biología de la reproducción animal
Đã lưu trong:
| Những tác giả chính: | , |
|---|---|
| Tác giả khác: | , |
| Định dạng: | Sách |
| Ngôn ngữ: | Tiếng Tây Ban Nha |
| Được phát hành: |
Santiago, Chile
Andrés Bello
1981
|
| Những chủ đề: | |
| Các nhãn: |
Thêm thẻ
Không có thẻ, Là người đầu tiên thẻ bản ghi này!
|
MARC
| LEADER | 00000nam a2200000 a 4500 | ||
|---|---|---|---|
| 001 | UCY3597 | ||
| 003 | CL-VaPUC | ||
| 005 | 20241115145158.0 | ||
| 008 | 950105e19810000CL |||||||||||||||||spa|d | ||
| 999 | |c 231690 |d 231688 | ||
| 040 | |c Pontificia Universidad Católica de Valparaíso | ||
| 082 | 0 | 4 | |a 591.16 ARR 1981 |2 21 |
| 100 | 0 | |a Arrau, Jorge |9 331937 | |
| 245 | 1 | 0 | |a Biología de la reproducción animal |
| 260 | 0 | 3 | |a Santiago, Chile |b Andrés Bello |c 1981 |
| 300 | |a 170 páginas | ||
| 583 | |a last modification |c 19950105 00:00:00 |k Rodrigo Vera | ||
| 650 | 0 | |a Animales |9 269820 | |
| 650 | 0 | |a Reproducción humana |9 257469 | |
| 650 | 0 | |a Reproducción animal |9 370556 | |
| 700 | 0 | |a Bustos, Eduardo |9 331938 | |
| 700 | |a Hoecker Salas, Gustavo |e author |9 539515 | ||
| 700 | 0 | |a Ramos, Alicia |9 331940 | |
| 942 | |c BK |2 ddc | ||
| 945 | |d 19950105 00:00:00 |a mfernand | ||
| 952 | |0 0 |1 0 |2 ddc |4 0 |6 591_160000000000000_ARR_1981 |7 0 |8 CCM |9 235213 |a BIBCUR |b BIBCUR |c PAC |d 2019-11-15 |i 3048934 |o 591.16 ARR 1981 |p 3048934 |r 2025-04-22 |t 2 |w 2019-11-15 |y BK |k CIM | ||
| 952 | |0 0 |1 0 |2 ddc |4 0 |6 591_160000000000000_ARR_1981 |7 0 |8 A |9 235214 |a BIBCUR |b BIBCUR |d 2019-11-15 |i 179423K |o 591.16 ARR 1981 |p 179423K |r 2025-04-22 |t 1 |w 2019-11-15 |y BK |k BIO | ||